banner-ar

العلوم الفلكية فى القران الكريم / (Record no. 49115)

MARC details
000 -الفاتح
حقل البيانات ثابتة الطول 00839nam a2200277Ia 4500
008 - عناصر البيانات ثابتة الطول - معلومات عامة
حقل البيانات ثابتة الطول 140319s9999 xx 000 0 ara d
040 ## - مصدر الفهرسة
وكالة الفهرسة الأصلية GCL /
وكالة النسخ GCL
082 04 - رقم تصنيف ديوى العشرى
رقم التصنيف 205.2
رقم المادة س ع
100 1# - المدخل الرئيسى - إسم شخصى
الإسم الشخصى محمود عكوش
245 10 - بيان العنوان
العنوان العلوم الفلكية فى القران الكريم /
بيان المسئوليه,etc محمود عكوش
700 1# - المدخل الاضافى - اسم شخصى
الإسم الشخصى مصطفى طلاس
700 1# - المدخل الاضافى - اسم شخصى
الإسم الشخصى سيد وقار احمد حسينى
700 1# - المدخل الاضافى - اسم شخصى
الإسم الشخصى محمود عكام
700 1# - المدخل الاضافى - اسم شخصى
الإسم الشخصى سمية زيتونى
700 1# - المدخل الاضافى - اسم شخصى
الإسم الشخصى عبدالباسط ابراهيم
300 ## - الوصف المادى
التعداد 144 ص
490 ## - بيان السلسلة
عنوان السلسلة الهيئة العامة للاستعلامات
رقم المجلد/ التعيين التسلسلي 0
650 04 - المدخل الاضافى بالموضوع-مصطلح موضوعى
مصطلح موضوعي الفلك
650 04 - المدخل الاضافى بالموضوع-مصطلح موضوعى
مصطلح موضوعي الدين
650 04 - المدخل الاضافى بالموضوع-مصطلح موضوعى
مصطلح موضوعي الدين والفلسفة
650 04 - المدخل الاضافى بالموضوع-مصطلح موضوعى
مصطلح موضوعي الدين والفلك
650 04 - المدخل الاضافى بالموضوع-مصطلح موضوعى
مصطلح موضوعي القران
650 04 - المدخل الاضافى بالموضوع-مصطلح موضوعى
مصطلح موضوعي ديانات
942 ## - عناصر المدخل الإضافي( كوها)
مصدر التصنيف او مخطط الترفيف Dewey Decimal Classification
Koha [default] item type كتاب
Holdings
حالة التراجع حالة الفقد حالة تلف ليس للاعارة المكان المؤقت الموقع الحالى تاريخ الاكتساب اجمالي اﻻعارات رقم الطلب الباركود تاريخ اخر مشاهدة تاريخ تفعيل السعر نوع وعاء كوها
        مكتبة القاهرة الكبرى مكتبة القاهرة الكبرى 03/26/2014   205.2\س ع 118073 03/26/2014 03/26/2014 كتاب
        مكتبة القاهرة الكبرى مكتبة القاهرة الكبرى 03/26/2014   205.2\س ع 118074 03/26/2014 03/26/2014 كتاب

Powered By

EGPV